| 000 | 01531cam a2200409 a 4500 | ||
|---|---|---|---|
| 001 | EDZ0000159279 | ||
| 003 | StDuBDS | ||
| 005 | 20161031105238.0 | ||
| 006 | m||||||||d|||||||| | ||
| 007 | cr ||||||||||| | ||
| 008 | 130912s1993 caua fo| 000|0|eng d | ||
| 020 |
_a9781483326320 (ebook) : _cNo price |
||
| 040 |
_aStDuBDS _beng _cStDuBDS _epn |
||
| 049 | _aAlfaisal Main Library | ||
| 050 | 0 |
_aLC1099.3 _b.B69 1993 |
|
| 082 | 0 | 4 |
_a370.117 _223 |
| 100 | 1 | _aBowser, Benjamin P. | |
| 245 | 1 | 0 |
_aConfronting diversity issues on campus _h[electronic resource] / _cBenjamin P. Bowser, Gale S. Auletta, Terry Jones. |
| 260 |
_aNewbury Park : _bSAGE, _cc1993. |
||
| 300 |
_a1 online resource (xviii, 102 p.) : _bill. |
||
| 490 | 1 |
_aSurvival skills for scholars ; _vv. 6 |
|
| 504 | _aIncludes bibliographical references. | ||
| 521 | _aSpecialized. | ||
| 588 | _aDescription based on print version record. | ||
| 650 | 0 |
_aMulticultural education _zUnited States. |
|
| 650 | 0 |
_aMinorities _xEducation (Higher) _zUnited States. |
|
| 650 | 0 |
_aCollege teachers _zUnited States _xAttitudes. |
|
| 650 | 0 |
_aCollege teaching _zUnited States. |
|
| 655 | 7 |
_aElectronic books. _2local |
|
| 700 | 1 | _aYoung, Gale Auletta. | |
| 700 | 1 |
_aJones, Terry, _d1942 July 28- |
|
| 710 | 2 | _aSage eBooks | |
| 776 | 0 | 8 |
_iPrint version : _z9780803952157 |
| 830 | 0 |
_aSurvival skills for scholars ; _vv. 6. |
|
| 856 | 4 | 0 | _uhttp://ezproxy.alfaisal.edu/login?url=http://sk.sagepub.com/books/confronting-diversity-issues-on-campus |
| 942 |
_2lcc _cEBOOKS |
||
| 999 |
_c482568 _d482568 |
||